Essentials of sociology. / (Record no. 7262)
[ view plain ]
| 000 -LEADER | |
|---|---|
| fixed length control field | 01200nam a22001817a 4500 |
| 008 - FIXED-LENGTH DATA ELEMENTS--GENERAL INFORMATION | |
| fixed length control field | 140428b xxu||||| |||| 00| 0 eng d |
| 020 ## - INTERNATIONAL STANDARD BOOK NUMBER | |
| International Standard Book Number | 9780393930337 |
| 050 ## - LIBRARY OF CONGRESS CALL NUMBER | |
| Classification number | HM585.G52 |
| 100 ## - MAIN ENTRY--PERSONAL NAME | |
| Personal name | Giddens, Anthony. |
| 245 ## - TITLE STATEMENT | |
| Title | Essentials of sociology. / |
| Statement of responsibility, etc. | Anthony Giddens |
| 250 ## - EDITION STATEMENT | |
| Edition statement | 2nd ed. |
| 260 ## - PUBLICATION, DISTRIBUTION, ETC. | |
| Place of publication, distribution, etc. | New York : |
| Name of publisher, distributor, etc. | W.W Norton & Company, |
| Date of publication, distribution, etc. | 2008. |
| 300 ## - PHYSICAL DESCRIPTION | |
| Extent | xvii, 506 + various pagings.: |
| Other physical details | chiefly col. ill. ; |
| Dimensions | 26 cm. |
| 500 ## - GENERAL NOTE | |
| General note | Includes bibliographical references and index. |
| 505 ## - FORMATTED CONTENTS NOTE | |
| Formatted contents note | Contents:Part I: The Sociological perspective: The sociological perspective -- Culture -- Socialization -- Social structure and social interaction -- Part II: Social groups and social control -- Social groups and formal organizations -- Deviance and social control -- Part III: Social inequality: Global stratification -- Social class in the United States -- Inequalities of race and ethnicity -- Inequalities of gender and age -- Part IV: Social institutions: Politics and the economy -- Marriage and family -- Education and religion -- Part V: Social change: Population and urbanization -- Social change: technology, social movements and the environment. |
| 650 ## - SUBJECT ADDED ENTRY--TOPICAL TERM | |
| Topical term or geographic name entry element | Sociology |
| 942 ## - ADDED ENTRY ELEMENTS (KOHA) | |
| Source of classification or shelving scheme | Library of Congress Classification |
| Koha item type | Books |
| Withdrawn status | Lost status | Source of classification or shelving scheme | Damaged status | Not for loan | Home library | Current library | Shelving location | Date acquired | Total Checkouts | Full call number | Barcode | Date last seen | Date last checked out | Copy number | Price effective from | Koha item type |
|---|---|---|---|---|---|---|---|---|---|---|---|---|---|---|---|---|
| Library of Congress Classification | WISCONSIN INTERNATIONAL UNIVERSITY COLLEGE, GHANA KUMASI LIBRARY | WISCONSIN INTERNATIONAL UNIVERSITY COLLEGE, GHANA KUMASI LIBRARY | nursing | 24/06/2019 | 1 | HM585.G52 | KSN/033/19 | 18/03/2025 | 03/03/2025 | 1 | 18/05/2020 | Books | ||||
| Library of Congress Classification | WISCONSIN INTERNATIONAL UNIVERSITY COLLEGE, GHANA KUMASI LIBRARY | WISCONSIN INTERNATIONAL UNIVERSITY COLLEGE, GHANA KUMASI LIBRARY | nursing | 24/06/2019 | HM585.G521 | KSN/034/19 | 18/05/2020 | 2 | 18/05/2020 | Books | ||||||
| Library of Congress Classification | WISCONSIN INTERNATIONAL UNIVERSITY COLLEGE, GHANA KUMASI LIBRARY | WISCONSIN INTERNATIONAL UNIVERSITY COLLEGE, GHANA KUMASI LIBRARY | nursing | 24/06/2019 | HM585.G522 | KSN/035/19 | 18/05/2020 | 3 | 18/05/2020 | Books |
